Enhancing police public relationship in Nigeria : (Record no. 18004)
[ view plain ]
| 000 -LEADER | |
|---|---|
| fixed length control field | 00900nam a2200217Ia 4500 |
| 008 - FIXED-LENGTH DATA ELEMENTS--GENERAL INFORMATION | |
| fixed length control field | 210303s9999 xx 000 0 und d |
| 016 ## - NATIONAL BIBLIOGRAPHIC AGENCY CONTROL NUMBER | |
| Source | retro2022 |
| 020 ## - INTERNATIONAL STANDARD BOOK NUMBER | |
| ISBN | 978078802 |
| 040 ## - CATALOGING SOURCE | |
| Original cataloging agency | NLN |
| Language of cataloging | English |
| Description conventions | AACR2 |
| 100 ## - MAIN ENTRY--AUTHOR | |
| Author | EDEH, James A.K. |
| Relator term | aut |
| 245 #0 - TITLE STATEMENT | |
| Title | Enhancing police public relationship in Nigeria : |
| Remainder of title | man perfected by society is the best of all animals and he is the best of all animals and he is the most terrible only when he lives without law and without justice Aristotle / |
| Statement of responsibility, etc | James A. K. Edeh |
| 260 ## - PUBLICATION, DISTRIBUTION, ETC. (IMPRINT) | |
| Place of publication | Kaduna state ( 10, Lagos street Keffi road) : |
| Name of publisher | Ojihtech consult, |
| Date of publication | 2007 |
| 300 ## - COLLATION | |
| Pagination | vii, 125p.; |
| Other physical details | 23cm |
| 500 ## - GENERAL NOTE | |
| General note | Includes bibliographical references |
| 563 ## - BINDING INFORMATION | |
| Binding note | (pbk) |
| 650 ## - TRACINGS | |
| Main Subject | Police |
| Subdivision (1st) | Community relations |
| Subdivision (2nd) | Nigeria |
| 650 ## - TRACINGS | |
| Main Subject | Police relationship |
| Subdivision (1st) | Public |
| Subdivision (2nd) | Nigeria |
| 942 ## - ADDED ENTRY ELEMENTS (KOHA) | |
| Item type | Books |
| 050 ## - LIBRARY OF CONGRESS CALL NUMBER | |
| Classification number | HV7993.N685 |
| Item number | E22 |
| 082 ## - DEWEY DECIMAL CLASSIFICATION NUMBER | |
| Classification number | 363.209669 |
| Source of classification or shelving scheme | Not for loan | Home library | Current library | Date acquired | Full call number | Barcode. | Koha item type |
|---|---|---|---|---|---|---|---|
| Library of Congress Classification | LAGOS BRANCH | National Library of Nigeria | 04/03/2021 | HV7993.N685 E22 | 2024-555555550996190 | Books |
